¿Cómo el educador puede intervenir en los problemas familiares de sus alumnos? (Record no. 79510)
[ view plain ]
| 000 -CABECERA | |
|---|---|
| campo de control de longitud fija | 00574nam a2200205 a 4500 |
| 005 - FECHA Y HORA DE LA ÚLTIMA TRANSACCIÓN | |
| campo de control | 20210219153535.0 |
| 008 - ELEMENTOS DE LONGITUD FIJA--INFORMACIÓN GENERAL | |
| campo de control de longitud fija | 991125n 000 0 u |
| 035 ## - NÚMERO DE CONTROL DEL SISTEMA | |
| Número de control de sistema | UPN01000105547 |
| 100 ## - ASIENTO PRINCIPAL--NOMBRE PERSONAL | |
| Nombre de persona | CASTILLO SUAREZ, Silvia |
| 222 ## - TÍTULO CLAVE | |
| Título clave | PEDAGOGIA CUBANA |
| 245 ## - MENCIÓN DE TÍTULO | |
| Título | ¿Cómo el educador puede intervenir en los problemas familiares de sus alumnos? |
| 300 ## - DESCRIPCIÓN FÍSICA | |
| Extensión | 21-26 |
| 362 ## - FECHAS DE PUBLICACIÓN Y/O DESIGNACIÓN SECUENCIAL | |
| Fecha de publicación y/o designación secuencial | 1990 Año 2, no. 5 (ene.-mar.) |
| 653 0# - TERMINO DE INDIZACION - NO CONTROLADO | |
| Término no controlado | EDUCACION SEXUAL |
| 653 0# - TERMINO DE INDIZACION - NO CONTROLADO | |
| Término no controlado | FAMILIA |
| 653 0# - TERMINO DE INDIZACION - NO CONTROLADO | |
| Término no controlado | MADRE |
| 653 0# - TERMINO DE INDIZACION - NO CONTROLADO | |
| Término no controlado | RELACION PADRE-HIJO |
| 904 ## - ELEMENTOS DE DATOS D LOCAL, LDD (RLIN) | |
| a | AC |
| b | 043358 |
| 905 ## - TIPO DE MATERIAL | |
| Tipo de material | Articulo |
No items available.
